L'empereur s'amuse / (Record no. 89791)
[ view plain ]
| 000 -LEADER | |
|---|---|
| campo de control de longitud fija | 00437nam a2200157 i 4500 |
| 001 - NÚMERO DE CONTROL | |
| campo de control | 89791 |
| 003 - IDENTIFICADOR DE NÚMERO DE CONTROL | |
| campo de control | ES-MaACL |
| 005 - FECHA Y HORA DE LA ÚLTIMA TRANSACCIÓN | |
| campo de control | 20230906180252.0 |
| 007 - CAMPO FIJO DE DESCRIPCIÓN FÍSICA--INFORMACIÓN GENERAL | |
| campo de control de longitud fija | t| |
| 008 - DATOS DE LONGITUD FIJA--INFORMACIÓN GENERAL | |
| campo de control de longitud fija | 050113q1902 fr ||||1| fre d |
| 100 1# - ENTRADA PRINCIPAL--NOMBRE DE PERSONA | |
| Nombre de persona | Laurent, Charles-Marie. |
| 9 (RLIN) | 172915 |
| 245 12 - MENCIÓN DEL TÍTULO | |
| Título | L'empereur s'amuse / |
| Mención de responsabilidad, etc. | Charles Laurent. |
| 260 ## - PUBLICACIÓN, DISTRIBUCIÓN, ETC. | |
| Lugar de publicación, distribución, etc. | [Paris : |
| Nombre del editor, distribuidor, etc. | s.n., |
| Fecha de publicación, distribución, etc. | 1902?] ( |
| Lugar de fabricación/manufactura | Saint-Denis : |
| Fabricante | H. Bouillant) |
| 300 ## - DESCRIPCIÓN FÍSICA | |
| Extensión | 191 p. ; |
| Dimensiones | 21 cm. |
| 852 ## - LOCALIZACIÓN | |
| Ubicación | ES-MaACL |
| Número de control de estantería | D-1177 |
| Estatus retirado | Estado de pérdida | Estado de daño | No para préstamo | Biblioteca de origen | Biblioteca actual | Ubicación en estantería | Fecha de adquisición | Fuente de adquisición | Total de préstamos | Signatura topográfica completa | Código de barras | Visto por última vez | Precio de reemplazo | Tipo de ítem Koha |
|---|---|---|---|---|---|---|---|---|---|---|---|---|---|---|
| Biblioteca del Ateneo de Madrid | Biblioteca del Ateneo de Madrid | Sala Valle Inclán | 17/01/2008 | D-1177 | 901093773 | 23/02/2023 | 23/02/2023 | Libro impreso |
